Christopher Nolan Filmography - Statistics

General Stats
  • This quiz has been taken 61 times
  • The average score is 10 of 12
Answer Stats
Year Movie % Correct
2008 The Dark Knight
98%
2010 Inception
96%
2023 Oppenheimer
96%
2014 Interstellar
91%
2005 Batman Begins
89%
2012 The Dark Knight Rises
84%
2000 Memento
82%
2020 Tenet
80%
2006 The Prestige
73%
2017 Dunkirk
69%
2002 Insomnia
60%
1998 Following
47%
No matching quizzes found
Score Distribution
Percent of People with Each Score
Percentile by Number Answered
Your Score History
You have not taken this quiz